THE IMPACT OF AIR POWER NATIONAL SECURITY AND WORLD POLITICS (Record no. 582915)

000 -LEADER
fixed length control field 00286nam a22001097a 4500
082 ## - DEWEY DECIMAL CLASSIFICATION NUMBER
Classification number 358.4 EMM'I
100 ## - MAIN ENTRY--PERSONAL NAME
Personal name EMME, ENGENE M
9 (RLIN) 77693
245 ## - TITLE STATEMENT
Title THE IMPACT OF AIR POWER NATIONAL SECURITY AND WORLD POLITICS
260 ## - PUBLICATION, DISTRIBUTION, ETC.
Place of publication, distribution, etc. LONDON
Name of publisher, distributor, etc. D. VAN NOSTRAND
Date of publication, distribution, etc. 1959
300 ## - PHYSICAL DESCRIPTION
Extent 914P
942 ## - ADDED ENTRY ELEMENTS (KOHA)
Koha item type Book
Holdings
Withdrawn status Lost status Damaged status Not for loan Permanent Location Current Location Shelving location Date acquired Total Checkouts Full call number Barcode Date last seen Price effective from Koha item type
        College of Electrical & Mechanical Engineering (CEME) College of Electrical & Mechanical Engineering (CEME) General Stacks 06/09/2017   358.4 EMM'I CEME-9119 06/28/2021 06/28/2021 Book
© 2023 Central Library, National University of Sciences and Technology. All Rights Reserved.